ISSLEDOVANIJA MATERIALOV DLJA ODEŽDY V USLOVIJACH PONIŽENNYCH TEMPERATUR /

Uloženo v:
Podrobná bibliografie
Hlavní autor: Buzov, Boris Aleksandrovič
Další autoři: Nikitin, Aleksandr Vladimirovič, Chochlova, T. A. (Editor)
Médium: Kniha
Jazyk:ruština
Vydáno: Moskva : LEGPROMBYTIZDAT, 1985
On-line přístup: Získat plný text
Tagy: Přidat tag
Žádné tagy, Buďte první, kdo vytvoří štítek k tomuto záznamu!

MARC

LEADER 00000nam a2200000 4500
003 SK-BrCVT
005 20220617163031.0
008 860101s1985 rur e ||||||rus d
035 |a CVTIDW0909826 
040 |b slo  |a CVTI SR 
041 0 |a rus 
044 |a rur 
080 |a 687.17:677.017.56  |2 UDC-MRF 
100 1 |a Buzov, Boris Aleksandrovič 
242 1 0 |a VÝSKUM ODEVNÝCH MATERIÁLOV V PODMIENKACH ZNÍŽENÝCH TEPLôT 
245 1 0 |a ISSLEDOVANIJA MATERIALOV DLJA ODEŽDY V USLOVIJACH PONIŽENNYCH TEMPERATUR /  |c Boris Aleksandrovič Buzov, Aleksandr Vladimirovič Nikitin ; Red.: T. A. Chochlova 
260 |a Moskva :  |b LEGPROMBYTIZDAT,  |c 1985 
300 |a 220 S. :  |b fotogr., grafy, lit., obr., tab. ; 
700 1 |a Nikitin, Aleksandr Vladimirovič 
700 1 |a Chochlova, T. A.  |4 edt 
910 |b A455826 
974 |f Knihy 
992 |a AMG 
999 |c 64961  |d 64961